|
|
|
|
| LEADER |
00000csc a2200000 a 4500 |
| 001 |
90997 |
| 005 |
20230308215139.0 |
| 008 |
000000|1972 ||||||||r|||||||||||||||| |
| 041 |
1 |
|
|a spa
|
| 082 |
0 |
|
|a 320.011
|
| 100 |
1 |
|
|a Matos Mar, José
|9 47674
|
| 245 |
|
|
|a La Dominación de América Latina
|c José Matos Mar, compilador
|h imp
|
| 264 |
|
|
|a Buenos Aires
|b Amorrortu Editores
|c 1972
|
| 300 |
|
|
|a 181 páginas:
|c 19 cm
|
| 490 |
|
|
|a Biblioteca de Sociología
|
| 650 |
1 |
|
|a Politica
|9 95
|
| 650 |
1 |
|
|a Crisis latinoamericana
|9 18883
|
| 650 |
1 |
|
|a America latina
|9 878
|
| 650 |
1 |
|
|a Dependencia
|9 23256
|
| 852 |
|
|
|a UC-CDJBV
|c ESTANTERIA CERRADA
|f Compra
|k mariana.feican
|l 1
|m General
|p 00000000
|r 2
|t 90997
|b 0
|d CDRC
|e CDRC
|g 320.011 ESTANTERIA CERRADA
|z 0000-00-00
|
| 942 |
|
|
|
| 999 |
|
|
|c 129957
|d 129957
|